Cuidado de cultivos biológicos al aire libre : sanidad vegetal en el marco de la agricultura ecológica /

Guardado en:
Autor Principal: Kühne, Stefan.
Otros Autores: Burth, Ulrich., Marx, Peggy., Adler, Cornel.
Formato: Libro
Idioma:Spanish
Publicado: Madrid ; México : Mundi-Prensa, 2011.
Etiquetas: Agregar Etiqueta
Sin Etiquetas, Sea el primero en etiquetar este registro!
LEADER 01566nam a22002055a 4500
001 EEA.libagro010652
005 20181010102922.0
008 160401s2011####mx#a##########000#0#spa#d
020 |a 9788484765110 
082 0 4 |a 631.584 
100 1 |a Kühne, Stefan. 
245 1 0 |a Cuidado de cultivos biológicos al aire libre :  |b sanidad vegetal en el marco de la agricultura ecológica /  |c Kühne, Burth, Marx ; con la col. de Cornel Adler ... [etc.] ; traducción de Jennifer Martínez Sardiña y Susana Martín Dudoignon. 
260 |a Madrid ;  |a México :  |b Mundi-Prensa,  |c 2011. 
300 |a 300 p. :  |b il. ;  |c 24 cm. 
500 |a Tít. original: Biologischer Pflanzenschutz im Freiland : Pflanzengesundheit im Ökologischen Landbau. 
505 0 |a Prólogo -- 1. Protección de cultivos ecológicos: Principios e intervención -- 2. Medidas para el control de malezas -- 3. Organismos patógenos en cultivos extensivos -- 4. Organismos patógenos en cultivos hortícolas al aire libre -- 5. Organismos patógenos en cultivos frutícolas -- 6. Organismos patógenos en viticultura -- 7. Organismos patógenos generalistas -- 8. Control biológico de plagas y enfermedades -- 9. Métodos biotecnológicos y físicos para el control de plagas y enfermedades -- 10. Utilización de productos preparados para el control de plagas y enfermedades -- 11. Control de plagas y enfermedades en graneros y almacenes -- 12. Anexo -- Enlaces en internet. 
700 1 |a Burth, Ulrich. 
700 1 |a Marx, Peggy. 
700 1 |a Adler, Cornel. 
859 |a AR-BbBCA  |b BIB. AGRONOMIA  |h 631.584  |i K96  |p 2016/6657